| 000 | 00000nam##2200000za#4500 |
| 001 | 9.685771 |
| 003 | CaOODSP |
| 005 | 20250319161919 |
| 007 | cr ||||||||||| |
| 008 | 150407|1998||||xxc|||||o f|0| 0 eng|d |
| 020 | |a0-662-28213-2 |
| 040 | |aCaOODSP|beng |
| 043 | |an-cn--- |
| 086 | 1 |aR79-8/1999E-IN |
| 110 | 1 |aCanada.|bIndian and Northern Affairs. |bWater Resources Division. |
| 245 | 10|aLac de Gras drainage basin study / |h[electronic resource]|c[by] Bob Reid, Fred Sangris, and Lawrence Catholique. |
| 260 | |aOttawa - Ontario : |bIndian and Northern Affairs. |cJune 1998. |
| 300 | |a16p.|bphotographs |
| 590 | |a15-02-Supp|b2015-02-16 |
| 690 | 07|aIndigenous lands|2gcpds |
| 690 | 07|aWatersheds|2gcpds |
| 775 | 08|tÉtude du bassin hydrographique du lac de Gras / |w(CaOODSP)9.630362 |
| 856 | 40|ahttp://publications.gc.ca|qPDF|s678 KB|uhttps://publications.gc.ca/collections/collection_2014/aadnc-aandc/R79-8-1999-eng.pdf |
| 986 | |aQS-Y133-000-EE-A1 |